The plant programme
Professor Jane Plant's bestselling first book, Your Life in Your Hands, was aimed as those trying to treat or prevent breast or prostate cancer. In this book she and tellow scientist Gill Tidey show us how to make the necessary changes to implement the Plant Programme in our everyday life. From...
Đã lưu trong:
| Príomhúdar: | |
|---|---|
| Formáid: | Leabhar |
| Teanga: | Undetermined |
| Foilsithe: |
London
Virgin Publishing
2001
|
| Ábhair: | |
| Clibeanna: |
Cuir Clib Leis
Gan Chlibeanna, Bí ar an gcéad duine leis an taifead seo a chlibeáil!
|
| Thư viện lưu trữ: | Trung tâm Học liệu Trường Đại học Cần Thơ |
|---|
| LEADER | 01246nam a2200217Ia 4500 | ||
|---|---|---|---|
| 001 | CTU_112501 | ||
| 008 | 210402s9999 xx 000 0 und d | ||
| 020 | |c 482000 | ||
| 082 | |a 616.99449 | ||
| 082 | |b P713 | ||
| 100 | |a Plant, Jane | ||
| 245 | 4 | |a The plant programme | |
| 245 | 0 | |c Jane Plant, Gill Tidey | |
| 260 | |a London | ||
| 260 | |b Virgin Publishing | ||
| 260 | |c 2001 | ||
| 520 | |a Professor Jane Plant's bestselling first book, Your Life in Your Hands, was aimed as those trying to treat or prevent breast or prostate cancer. In this book she and tellow scientist Gill Tidey show us how to make the necessary changes to implement the Plant Programme in our everyday life. From essential equipment in the kitchen, to weekly menu plans - delicious, nutritious, easy to prepare and mostly inexpensive - to food for the kids, The Plant Programme can be beneficial to everyone. Covering dining in, dining out and lifestyle aspects such as shopping, cleaning, gardening and grooming, the authors provide everything you need to know in a simple and easy-to-understand formula. | ||
| 650 | |a Breast,Breast | ||
| 650 | |x Cancer,Diet therapy,Cancer,Prevention | ||
| 904 | |i Minh | ||
| 980 | |a Trung tâm Học liệu Trường Đại học Cần Thơ | ||